Представление документа в формате MARC21

Поле Инд. ПП Название Значение
Тип записи a
Библиографический уровень b
001 Контрольный номер UNIDUBNA143a0be8993e4a3596a30c0faecd4730
005 Дата корректировки 20260526155835.1
008 Кодируемые данные 20170331
040 b Код языка каталог. rus
e Правила каталог. PSBO
041 0_ a Код языка текста rus
084 a Индекс другой классификации/Индекс ББК 63.3(2)622-6
100 1_ a Автор Экштут С.
e Роль лиц Экштут Семен
245 10 a Заглавие Рассекреченное покушение
b Продолж. заглавия Что осталось за кадром фильма «Тегеран-43»
520 0_ a Аннотация Время от времени появляются голословные утверждения фальсификаторов истории о том, что операция нацистов по уничтожению "Большой тройки" в Тегеране - это рукотворный миф. Миф, созданный Сталиным и внедренный им в сознание Рузвельта, чтобы побудить его поселиться на территории советского посольства в столице Ирана и получить возможность вести с ним приватные переговоры без участия британского премьера Черчилля. Факты опровергают эти домыслы. В статье названы имена тех, кто обеспечил работу советских спецслужб в Тегеране-43. Они помешали Отто Скорцени похитить Рузвельта во время Ялтинской конференции...
600 14 a Персоналии Агаянц Иван Иванович
a Персоналии Кравченко Николай Григорьевич
a Персоналии Разин Борис Георгиевич
a Персоналии Рузвельт Франклин Делано (32-й президент США)
a Персоналии Сталин Иосиф Виссарионович
a Персоналии Черчилль Уинстон Леонард Спенсер
650 14 a Основная рубрика внешнняя политика
a Основная рубрика история
653 0_ a Ключевые слова "большая тройка"
a Ключевые слова "Длинный прыжок" (спецоперация)
a Ключевые слова "Тегеран-43" (кинофильм)
a Ключевые слова XX век
a Ключевые слова Великая Отечественная война 1941-1945
a Ключевые слова Великобритания
a Ключевые слова Главное разведывательное управление (ГРУ)
a Ключевые слова история спецслужб
a Ключевые слова контрразведка
a Ключевые слова Красная армия
a Ключевые слова международные отношения
a Ключевые слова Народный комиссариат внутренних дел СССР (НКВД)
a Ключевые слова Россия
a Ключевые слова СМЕРШ
a Ключевые слова советский период
a Ключевые слова специальные службы
a Ключевые слова СССР
a Ключевые слова США
a Ключевые слова Тегеран
773 08 t Заглавие источника Родина
d Дата издания источника 2026
g Прочая информация № 4. - С. 128 - 129 : фот., ил.
w Контрольный № источника UNIDUBNAd3f1dc7f83864c1389850c509fe509f0
901 t Тип документа b